Oscar Isaac Filmography - Statistics

General Stats
  • This quiz has been taken 69 times
    13 since last reset
  • The average score is 18 of 45
Answer Stats
Hint Answer % Correct
2016 X-Men: Apocalypse
86%
2021 Dune
71%
2010 Robin Hood
71%
2019 Star Wars: Episode IX - The Rise of Skywalker
71%
2017 Star Wars: Episode VIII - The Last Jedi
71%
2015 Star Wars: Episode VII - The Force Awakens
71%
2008 Body of Lies
57%
2025 Frankenstein
57%
2023 Spider-Man: Across the Spider-Verse
57%
2018 Spider-Man: Into the Spider-Verse
57%
2019 The Addams Family
57%
2019 Triple Frontier
57%
2018 Annihilation
43%
2018 At Eternity's Gate
43%
2011 Drive
43%
2015 Ex Machina
43%
2013 Inside Llewyn Davis
43%
2018 Life Itself
43%
2015 Mojave
43%
2021 The Addams Family 2
43%
2012 The Bourne Legacy
43%
2021 The Card Counter
43%
2002 All About the Benjamins
29%
2014 A Most Violent Year
29%
2009 Balibo
29%
2022 Big Gold Brick
29%
2008 Che: Part One
29%
2013 In Secret
29%
2005 Lenny the Wonder Dog
29%
2018 Operation Finale
29%
2006 Pu-239
29%
2017 Suburbicon
29%
2011 Sucker Punch
29%
2025 The King of Kings
29%
2007 The Life Before Her Eyes
29%
2006 The Nativity Story
29%
2016 The Promise
29%
2014 The Two Faces of January
29%
2011 W.E.
29%
2011 10 Years
14%
2009 Agora
14%
2012 For Greater Glory: The True Story of Cristiada
14%
1996 Illtown
14%
2012 Revenge for Jolly!
14%
2012 Won't Back Down
14%
No matching quizzes found
Score Distribution
Percent of People with Each Score
Percentile by Number Answered
Your Score History
You have not taken this quiz since the last reset